| 000 | 00412nam a22001697a 4500 | ||
|---|---|---|---|
| 005 | 20160525104746.0 | ||
| 008 | 160525b xxu||||| |||| 00| 0 eng d | ||
| 020 | _a978-81-315-0147-4 | ||
| 041 | _aeng | ||
| 082 | _b4818 | ||
| 100 |
_aDrury, Colin _91202 |
||
| 245 | _aManagement and Cost Accounting | ||
| 260 |
_aNew Delhi _bAcademic Faundation |
||
| 300 | _a1163 | ||
| 650 |
_aManagement _9241 |
||
| 942 | _cBK | ||
| 999 |
_c1648 _d1647 |
||